000 00263nam a22001217a 4500
008 170522b xxu||||| |||| 00| 0 eng d
041 _aeng
080 _22ND
_a94(7/8)
100 _a16
101 _aSHH
245 _aTHE AMERICAN PAST
_cFINE, S
942 _2udc
_cBK
999 _c13807
_d13807